| 000 | 01139nam a22003497a 4500 | ||
|---|---|---|---|
| 003 | CHAP | ||
| 005 | 20220329135207.0 | ||
| 008 | 971013s1973 r 00010 d | ||
| 010 | _a32412 | ||
| 011 | _a33384 | ||
| 035 | _a37499 | ||
| 040 | _cCHAP | ||
| 090 | _aTesis | ||
| 100 | 0 | 0 |
_aMata Beltrán, Inocente. _972854 |
| 245 | _aMaíces "super enanos" para el Bajío mexicano | ||
| 260 |
_aBuenavista : _bSaltillo, _c1973 |
||
| 300 |
_a53 h. _b: ilus |
||
| 502 | _aTesis (Ing. Agrónomo) -- Univ. Autónoma de Coahuila Escuela Superior de Agricultura "Antonio Narro" | ||
| 590 |
_aALEPH _b10 _c20130110 _lUCH01 _h1255 |
||
| 590 |
_aBATCH-UPD _b10 _c20130110 _lUCH01 _h0222 |
||
| 590 |
_aBATCH-UPD _b10 _c20130110 _lUCH01 _h1722 |
||
| 590 |
_aBATCH-UPD _b10 _c20130409 _lUCH01 _h2243 |
||
| 590 |
_aBATCH-UPD _b10 _c20130410 _lUCH01 _h1105 |
||
| 590 |
_aBATCH-UPD _b10 _c20130914 _lUCH01 _h1747 |
||
| 590 |
_aCONVERSION _b10 _c20130109 _lUCH01 _h1318 |
||
| 650 | 1 | 4 |
_aMaíz enano. _971113 |
| 650 | 1 | 4 |
_aMaíz _xBajío. _970891 |
| 650 | 1 | 4 |
_aMaíz _xHíbridos. _970974 |
| 901 | _aBK | ||
| 942 | _cTESIS | ||
| 949 |
_bBC _cTES _d-85990 _eTS1 _i37499 _si |
||
| 999 |
_c32412 _d32412 |
||